Genetics : from genes to genomes

Gespeichert in:
Bibliographische Detailangaben
Format: Buch
Sprache:Vietnamese
Veröffentlicht: McGraw-Hill 2000
Tags: Tag hinzufügen
Keine Tags, Fügen Sie den ersten Tag hinzu!
Thư viện lưu trữ: Mạng thư viện Đại học Đà Nẵng
LEADER 00660nam a2200241 4500
001 000021970
003 18418
005 20150424090455.0
008 150424s2000 viesd
020 |c 00 
041 0 |a vie 
082 1 4 |a 576,5  |b Ge-G 
245 1 0 |a Genetics : from genes to genomes  |c Leland Hartwell, Leroy Hood, Michael L. Goldberg, Ann E. Reynolds, Lee M. Silver, Ruth C. Veres 
260 |b McGraw-Hill  |c 2000 
300 |a tr.  |c cm. 
OWN |a LSP 
999 |a From the UDN01 
TYP |a Monograph 
TYP |a Printed language 
980 |a Mạng thư viện Đại học Đà Nẵng